Americana articles 1 : Reading the culture /

Bewaard in:
Bibliografische gegevens
Hoofdauteur: Ruffner, Tacey
Formaat: Sách giấy
Taal:English
Gepubliceerd in: Cambridge : Newbury, 1987
Tags: Voeg label toe
Geen labels, Wees de eerste die dit record labelt!
Thư viện lưu trữ: Thư viện Trường Đại học Đà Lạt
LEADER 00552nam a2200241 4500
001 DLU020017967
005 ##5/8/2001
020 # # |a 978- 
041 # # |a eng 
082 # # |a 428.6  |b RU-T 
100 # # |a Ruffner, Tacey 
245 # # |a Americana articles 1 :  |b Reading the culture /  |c Tacey Ruffner 
260 # # |a Cambridge :  |b Newbury,  |c 1987 
300 # # |a 134 tr.;   |c 26 cm. 
992 # # |a 0 
994 # # |a DLU 
900 # # |a False 
911 # # |a Administrator 
925 # # |a G 
926 # # |a A 
927 # # |a SH 
980 # # |a Thư viện Trường Đại học Đà Lạt